El primer amor nunca se olvida / (Record no. 22437)

000 -CABECERA
campo de control de longitud fija 00584nam a22001937a 4500
003 - IDENTIFICADOR DEL NÚMERO DE CONTROL
campo de control OSt
005 - FECHA Y HORA DE LA ÚLTIMA TRANSACCIÓN
campo de control 20220704095150.0
008 - DATOS DE LONGITUD FIJA--INFORMACIÓN GENERAL
campo de control de longitud fija 180228s2017 pe 000 0 spa
020 ## - NÚMERO INTERNACIONAL ESTÁNDAR DEL LIBRO
Número Internacional Estándar del Libro 9786124814907
040 ## - FUENTE DE LA CATALOGACIÓN
Centro/agencia transcriptor Biblioteca Municipal de Cusco
082 ## - NÚMERO DE LA CLASIFICACIÓN DECIMAL DEWEY
Número de clasificación 869.56/Z97P7
Notación interna Z97P7
100 ## - ENTRADA PRINCIPAL--NOMBRE DE PERSONA
Nombre de persona Zuzunaga Huaita, Sócrates
Fechas asociadas al nombre 1954-
9 (RLIN) 48176
245 ## - MENCIÓN DE TÍTULO
Título El primer amor nunca se olvida /
Mención de responsabilidad, etc. Sócrates Zuzunaga
250 ## - MENCIÓN DE EDICIÓN
Mención de edición Primera edición
260 ## - PUBLICACIÓN, DISTRIBUCIÓN, ETC.
Lugar de publicación, distribución, etc. Lima :
Nombre del editor, distribuidor, etc. Quimérica,
Fecha de publicación, distribución, etc. 2019.
300 ## - DESCRIPCIÓN FÍSICA
Extensión 95 páginas. :
Dimensiones 21 cm.
650 ## - PUNTO DE ACCESO ADICIONAL DE MATERIA--TÉRMINO DE MATERIA
Término de materia o nombre geográfico como elemento de entrada Novelas peruanas
Subdivisión general Siglo XX
9 (RLIN) 48177
942 ## - ELEMENTOS DE PUNTO DE ACCESO ADICIONAL (KOHA)
Fuente del sistema de clasificación o colocación
Tipo de ítem Koha Libros-BMC
Holdings
Estado de retiro Estado de pérdida Fuente del sistema de clasificación o colocación Estado dañado No para préstamo Localización permanente Ubicación/localización actual Ubicación en estantería Fecha de adquisición Fuente de adquisición Coste, precio normal de compra Signatura topográfica completa Código de barras Fecha visto por última vez Precio válido a partir de Tipo de ítem Koha
          Sala Humanidades Sala Humanidades Book Cart 2022-07-04 Donación 30.00 869.56/Z97P7 SH0000016321 2022-07-04 2022-07-04 Libros-BMC
          Sala Humanidades Sala Humanidades Book Cart 2022-07-04 Donación 30.00 869.56/Z97P7/e.2 SH0000016322 2022-07-04 2022-07-04 Libros-BMC

Powered by Koha